000
00283nam a2200121Ia 4500
008
191201s2019 xx 000 0 und d
100
_a
Rai Neerparaj
245
0
_a
Arduino Projects for engineers
250
_a
1st
260
_b
BPB Pub.
_a
NEW DELHI
300
_a
246
942
_2
ddc
_c
BK
999
_c
8162
_d
8162